00537nam a2200145Ia 4500008004100000020001400041040004400055100001800099245009600117260004800213300002600261500006700287700002200354999001500376180412s9999||||xx |||||||||||||| ||und|| a723407444 aAhmadu Bello University Library - Zaria aBridger, R.C. 0aAcolour Atlas of Pathogenic Fungicby Dorathea Frey.;R.Jowett Oldfield and Ronald C.Bridger bWolfe Medical Publication Ltd. Londonc1979 a168p.: ill.; pictures aIncludes Technical Notes appendix & bibliographical references aRonald J.Oldfield c2372d2372